[Event "Wroclaw Anderssen Memorial op-C"]
[Site "Wroclaw"]
[Date "2023.??.??"]
[Round "4"]
[White "Sultanowski, Blazej"]
[Black "Superson, Dawid"]
[Result "1-0"]
[WhiteElo "1371"]
[BlackElo "1190"]
[PlyCount "115"]
[EventDate "2023.08.06"]
[EventType "swiss"]
[EventRounds "9"]
[EventCountry "POL"]
[SourceTitle "EXT 2024"]
[Source "ChessBase"]
[SourceDate "2023.10.10"]
[SourceVersion "1"]
[SourceVersionDate "2023.10.10"]
[SourceQuality "1"]

1. e4 e5 2. Nf3 Nc6 3. Bb5 Bc5 4. c3 a6 5. Ba4 Nge7 6. 0-0 0-0 7. d3 h6 8. Be3 Bxe3 9. fxe3 Ng6 10. Nbd2 d5 11. d4 Bg4 12. Bc2 exd4 13. exd4 dxe4 14. Bxe4 Rb8 15. h3 Bxf3 16. Qxf3 Kh8 17. Qg3 Nge7 18. Nc4 Nxd4 19. Qe3 Ndc6 20. Rf2 Nd5 21. Qc5 Nf6 22. Bc2 Qd5 23. Qxd5 Nxd5 24. Be4 Nb6 25. Bxc6 Nxc4 26. Bd5 Ne5 27. Rd1 f6 28. Be4 b6 29. b4 Rbd8 30. Rfd2 Rxd2 31. Rxd2 g5 32. Bb7 a5 33. bxa5 bxa5 34. Rd5 Rb8 35. Ba6 Rb1+ 36. Kh2 a4 37. Ra5 Rc1 38. c4 Nxc4 39. Rc5 Rc2 40. Bxc4 a3 41. Rxc7 f5 42. Rc8+ Kg7 43. Be6 Rxc8 44. Bxc8 Kf6 45. Kg3 Ke5 46. Kf3 h5 47. g3 Kf6 48. h4 gxh4 49. gxh4 Ke5 50. Bd7 f4 51. Be8 Kf5 52. Bxh5 Ke5 53. Bg4 Kf6 54. Kxf4 Kg6 55. h5+ Kh6 56. Ke3 Kg5 57. Kd3 Kxg4 58. h6 1-0